000 00802nam a2200193Ia 4500
008 151121s9999||||xx |||||||||||||| ||und||
082 _a814/ वाळिंबे
082 _bHNW-74375
100 _aवाळिंबे वि। स।
245 _a"वुई , दि पीपल भारत-विराट लोकशाही"
260 _b"मेहता पब्लिशिंग हाऊस, पुणे"
260 _c--
300 _a394
600 _aवाळिंबे वि। स।
630 _a"वुई , दि पीपल भारत-विराट लोकशाही"
700 _aवाळिंबे वि। स।
730 _a"वुई , दि पीपल भारत-विराट लोकशाही"
942 _cBOOK
999 _c1255825
_d1255822